01120cam a2200301 i 45000010008000000030009000080050017000170080041000340200022000750200018000970400039001150820020001541000034001742450091002082500021002992640064003203000045003844900043004295000042004725040052005146500045005666510010006116530033006216550017006549420012006719990017006839520118007003443464EG-ScBUE20241013085958.0911106r19951991enkdk f b f001 0 eng d a0521378974 (pbk.) a9780521378970 aDLCbengerdacDLCdDLCdEG-ScBUE 04a515.35222bHIN1 aHinch, E. J.,eauthor.93832110aPerturbation methods /cE. J. Hinch, lecturer in mathematics, University of Cambridge. 3Reprint edition. 1aCambridge ;aNew York :bCambridge University Press,c1995. axi, 160 pages :bcharts, forms ;c24 cm.0 aCambridge texts in applied mathematics aTransferred to digital printing 2002. aIncludes bibliographical references and index.  7aPerturbation (Mathematics)2BUEsh936431 2BUEsh bENGELCcJune2015cAugust2015 vReading book 2ddccBB c19585d19557 00102ddc40708BaccahaMAINbMAINc1STd2015-06-11ePurchasel0o515.35 HINp000038394r2025-07-15 00:00:00yBB